[Event "XIII OGOLNOPOLSKA OLIMPIADA MLODZIEZY -"]
[Site "Turawa"]
[Date "2007.05.04"]
[Round "10.11"]
[White "Sadzikowski, Daniel"]
[Black "Golinski, Damian"]
[Result "1-0"]
[WhiteElo "2118"]
[BlackElo "1828"]
[PlyCount "79"]
[EventDate "2007.??.??"]

1. e4 e5 2. Nf3 Nc6 3. Bb5 a6 4. Ba4 Nf6 5. O-O Bc5 6. c3 b5 7. Bb3 d6 8. a4
Rb8 9. Re1 O-O 10. axb5 axb5 11. h3 h6 12. d4 Bb6 13. Na3 Ra8 14. Rb1 exd4 15.
cxd4 Re8 16. Nxb5 Ba5 17. Bd2 Rb8 18. Qc2 Rxb5 19. Qxc6 Bxd2 20. Qxb5 Bxe1 21.
Rxe1 Rxe4 22. Rxe4 Nxe4 23. Bxf7+ Kxf7 24. Qd5+ Be6 25. Qxe4 Qb8 26. d5 Bd7 27.
b4 Qb5 28. Nh4 Qa4 29. Qf4+ Kg8 30. Ng6 Qa1+ 31. Kh2 Qf6 32. Qxf6 gxf6 33. Kg3
Kf7 34. Nh4 c6 35. Nf3 c5 36. bxc5 dxc5 37. Kf4 Ba4 38. Nd2 Bc2 39. Ne4 Bxe4
40. Kxe4 1-0

[Event "XIII OGOLNOPOLSKA OLIMPIADA MLODZIEZY -"]
[Site "Turawa"]
[Date "2007.05.04"]
[Round "10.12"]
[White "Bokiej, Przemyslaw"]
[Black "Adamek, Przemyslaw"]
[Result "1-0"]
[WhiteElo "2016"]
[BlackElo "1957"]
[PlyCount "81"]
[EventDate "2007.??.??"]

1. e4 c5 2. Nf3 Nc6 3. d4 cxd4 4. Nxd4 Nf6 5. Nc3 e5 6. Ndb5 d6 7. Nd5 Nxd5 8.
exd5 Nb8 9. c4 Be7 10. Be2 a6 11. Nc3 O-O 12. O-O f5 13. f4 Nd7 14. Kh1 Bf6 15.
Be3 exf4 16. Bxf4 Ne5 17. Rc1 Bd7 18. b4 Rc8 19. c5 Re8 20. c6 bxc6 21. Bxa6
Rb8 22. dxc6 Bxc6 23. Nd5 Bxd5 24. Qxd5+ Kh8 25. b5 Qb6 26. Qd2 Ra8 27. Be3 Qd8
28. Rxf5 d5 29. Bg1 Qd6 30. Bb7 Rab8 31. Qxd5 Qxd5 32. Bxd5 Rxb5 33. Bc6 Rc8
34. Bxb5 Rxc1 35. Rf1 Rc8 36. a4 Rb8 37. Rd1 h6 38. Rb1 Nc6 39. Bd3 Ra8 40. Be4
Rxa4 41. Bxc6 1-0

[Event "XIII OGOLNOPOLSKA OLIMPIADA MLODZIEZY -"]
[Site "Turawa"]
[Date "2007.05.04"]
[Round "10.13"]
[White "Koziej, Maciej"]
[Black "Kaleta, Blazej"]
[Result "1-0"]
[WhiteElo "1990"]
[BlackElo "1899"]
[PlyCount "85"]
[EventDate "2007.??.??"]

1. e4 c5 2. Nf3 e6 3. d4 cxd4 4. Nxd4 a6 5. Bd3 Qc7 6. O-O Nf6 7. Qe2 d6 8. Kh1
Be7 9. f4 Nbd7 10. Nd2 O-O 11. N2f3 b5 12. a4 b4 13. Bd2 a5 14. Nb5 Qb8 15. c3
bxc3 16. Bxc3 Bb7 17. Ng5 h6 18. e5 dxe5 19. fxe5 hxg5 20. exf6 Nxf6 21. Be5
Qd8 22. Rad1 Bd5 23. Rxf6 Bxf6 24. Qh5 Re8 25. Qh7+ Kf8 26. Bd6+ Qxd6 27. Nxd6
Red8 28. Ne4 Bxb2 29. Nxg5 Ke7 30. Qh5 g6 31. Qe2 Bf6 32. Nh3 g5 33. Nf2 Rac8
34. Ne4 Be5 35. Nxg5 Bd6 36. Rf1 f6 37. Qh5 Be5 38. Qh7+ Kd6 39. Nf7+ Kc5 40.
Nxd8 Rxd8 41. Qa7+ Kd6 42. Rc1 Rd7 43. Qc5# 1-0

[Event "XIII OGOLNOPOLSKA OLIMPIADA MLODZIEZY -"]
[Site "Turawa"]
[Date "2007.05.04"]
[Round "10.14"]
[White "Lis, Marek"]
[Black "Wiewiora, Eneasz"]
[Result "0-1"]
[WhiteElo "1968"]
[BlackElo "1876"]
[PlyCount "110"]
[EventDate "2007.??.??"]

1. e4 e5 2. Nc3 Nf6 3. g3 d5 4. exd5 Nxd5 5. Bg2 Nxc3 6. bxc3 Bd6 7. Ne2 O-O 8.
O-O c6 9. d3 Bg4 10. h3 Bh5 11. Kh2 Nd7 12. Be3 Qc7 13. Qd2 Rae8 14. Rae1 b5
15. f4 Nb6 16. f5 f6 17. Kh1 Bf7 18. Ra1 Bd5 19. g4 Bxg2+ 20. Kxg2 Nd5 21. Bg1
e4 22. Rae1 e3 23. Qc1 c5 24. c4 bxc4 25. dxc4 Nb6 26. Bxe3 Nxc4 27. Bf4 Qc6+
28. Kh2 Ne3 29. Rf2 Re4 30. Bxd6 Qxd6+ 31. Ng3 Rfe8 32. Rg1 Nc4 33. Qd1 Rd4 34.
Qf3 Ne5 35. Qa3 Rd2 36. Rgg2 Rxf2 37. Rxf2 Qc6 38. Qc3 Rd8 39. Qe3 Rd1 40. Qb3+
Qd5 41. Qb8+ Kf7 42. Qxa7+ Kg8 43. Qb8+ Kf7 44. Qb3 c4 45. Qe3 h6 46. Qe4 Qc5
47. Rg2 c3 48. Nh5 Qc7 49. Nf4 Kg8 50. Rf2 Kh7 51. Kg2 Rd2 52. Ne6 Qa7 53. Rxd2
cxd2 54. Qd5 Qe3 55. Qb7 Qf3+ 0-1

[Event "XIII OGOLNOPOLSKA OLIMPIADA MLODZIEZY -"]
[Site "Turawa"]
[Date "2007.05.04"]
[Round "10.16"]
[White "Polok, Kacper"]
[Black "Grzesiak, Filip"]
[Result "1-0"]
[WhiteElo "1878"]
[BlackElo "1896"]
[PlyCount "119"]
[EventDate "2007.??.??"]

1. e4 c5 2. Nf3 d6 3. d4 cxd4 4. Nxd4 Nf6 5. Nc3 g6 6. f3 Bg7 7. Be3 Nc6 8. Qd2
O-O 9. O-O-O Bd7 10. g4 h5 11. gxh5 Nxh5 12. Rg1 Rc8 13. Kb1 a6 14. f4 Nxd4 15.
Bxd4 Bxd4 16. Qxd4 Nxf4 17. Qe3 e5 18. Rxd6 Qc7 19. Rd2 Be6 20. Be2 Rfd8 21.
Rgd1 b5 22. Bf3 Rxd2 23. Qxd2 Kg7 24. Qd6 b4 25. Qxb4 Rb8 26. Qa3 g5 27. Nd5
Nxd5 28. exd5 Bf5 29. Rc1 Qc4 30. Qd6 Re8 31. Qc6 Qxc6 32. dxc6 Rc8 33. Bd5 Rc7
34. b4 Bg6 35. Kb2 f5 36. c4 e4 37. b5 Be8 38. Ka3 e3 39. Re1 f4 40. Bf3 axb5
41. cxb5 Ra7+ 42. Kb2 Ra5 43. Be2 Bf7 44. b6 Ra8 45. c7 Bd5 46. Bg4 Bb7 47. Rc1
Ra6 48. Rc6 Bxc6 49. c8=Q Rxb6+ 50. Kc3 Rb1 51. Qc7+ Kf8 52. Qd6+ Kg7 53. Qe5+
Kh6 54. Qf6+ Kh7 55. Qf5+ Kg7 56. Qxb1 f3 57. Bxf3 Bxf3 58. Qe1 e2 59. Kd2 Kf6
60. a4 1-0

[Event "XIII OGOLNOPOLSKA OLIMPIADA MLODZIEZY -"]
[Site "Turawa"]
[Date "2007.05.04"]
[Round "10.17"]
[White "Swiech, Przemyslaw"]
[Black "Chudzik, Tomasz"]
[Result "1-0"]
[WhiteElo "1977"]
[BlackElo "1914"]
[PlyCount "65"]
[EventDate "2007.??.??"]

1. d4 Nf6 2. c4 g6 3. Nc3 Bg7 4. Nf3 d6 5. Bg5 O-O 6. e3 c5 7. Be2 cxd4 8. exd4
Qb6 9. Qd2 Nbd7 10. O-O e5 11. c5 Qa5 12. cxd6 exd4 13. Nxd4 Ne4 14. Nxe4 Qxd2
15. Nxd2 Bxd4 16. Be7 Re8 17. Rac1 Bxb2 18. Rc7 Bf6 19. Bb5 Bxe7 20. dxe7 Rxe7
21. Rfc1 Kg7 22. Rxc8 Rxc8 23. Rxc8 a6 24. Bf1 Ne5 25. Nc4 Nxc4 26. Rxc4 a5 27.
g3 b6 28. Rc6 Rb7 29. a4 h6 30. Ba6 Rb8 31. Rc7 Rd8 32. Kg2 h5 33. Bc4 1-0

[Event "XIII OGOLNOPOLSKA OLIMPIADA MLODZIEZY -"]
[Site "Turawa"]
[Date "2007.05.04"]
[Round "10.18"]
[White "Lukasiewicz, Aleksander"]
[Black "Sowul, Bartosz"]
[Result "0-1"]
[WhiteElo "1816"]
[BlackElo "1966"]
[PlyCount "42"]
[EventDate "2007.??.??"]

1. e4 c5 2. Nf3 d6 3. d4 cxd4 4. Nxd4 Nf6 5. Nc3 a6 6. Bc4 e6 7. Bb3 b5 8. O-O
Nbd7 9. Be3 Nc5 10. f4 b4 11. Na4 Bd7 12. Nxc5 dxc5 13. Nf3 Bb5 14. Qe1 c4 15.
a4 bxa3 16. Ba2 axb2 17. Rd1 Qc7 18. f5 Bc5 19. fxe6 fxe6 20. Ng5 Ng4 21. Nxe6
Qxh2# 0-1

[Event "XIII OGOLNOPOLSKA OLIMPIADA MLODZIEZY -"]
[Site "Turawa"]
[Date "2007.05.04"]
[Round "10.19"]
[White "Kadziela, Konrad"]
[Black "Leczycki, Pawel"]
[Result "0-1"]
[WhiteElo "1831"]
[BlackElo "1826"]
[PlyCount "94"]
[EventDate "2007.??.??"]

1. d4 Nf6 2. c4 g6 3. Nc3 Bg7 4. e4 d6 5. f4 O-O 6. Nf3 c5 7. d5 e6 8. Be2 exd5
9. exd5 Re8 10. O-O Bf5 11. Bd3 Qd7 12. Qc2 Na6 13. Bxf5 gxf5 14. a3 Nc7 15.
Rb1 Ne4 16. Ng5 Bd4+ 17. Kh1 Qe7 18. Ngxe4 fxe4 19. f5 e3 20. Qe2 Qg5 21. Rf3
Kh8 22. Nd1 Re5 23. Bxe3 Rae8 24. Bxd4 cxd4 25. Qd3 Re1+ 26. Rf1 Qd2 27. Nf2
Qxf2 28. h3 Rxf1+ 29. Rxf1 Re1 30. Rxe1 Qxe1+ 31. Kh2 Qe5+ 32. Kh1 Qe3 33. Qxe3
dxe3 34. Kg1 Kg7 35. Kf1 Kf6 36. g4 Ke5 37. Ke2 Kd4 38. b3 b5 39. g5 bxc4 40.
bxc4 Kxc4 41. Kxe3 Nxd5+ 42. Ke4 Ne7 43. h4 d5+ 44. Ke5 d4 45. h5 d3 46. g6
Nxg6+ 47. hxg6 hxg6 0-1

[Event "XIII OGOLNOPOLSKA OLIMPIADA MLODZIEZY -"]
[Site "Turawa"]
[Date "2007.05.04"]
[Round "10.21"]
[White "Lorek, Milosz"]
[Black "Brzezinski, Mateusz"]
[Result "1-0"]
[WhiteElo "1852"]
[BlackElo "1643"]
[PlyCount "43"]
[EventDate "2007.??.??"]

1. e4 c5 2. Nf3 Nc6 3. d4 cxd4 4. Nxd4 Nf6 5. Nc3 e5 6. Nf5 d6 7. Ne3 Be6 8.
Bc4 Be7 9. O-O O-O 10. Ned5 a6 11. a4 Rb8 12. Be3 Bxd5 13. Bxd5 Qc7 14. Qe2 Nb4
15. Bb3 Rfd8 16. a5 Nd7 17. Ra4 d5 18. Nxd5 Nxd5 19. Bxd5 Nc5 20. Rc4 b6 21.
axb6 Qxb6 22. b4 1-0

[Event "XIII OGOLNOPOLSKA OLIMPIADA MLODZIEZY -"]
[Site "Turawa"]
[Date "2007.05.04"]
[Round "10.23"]
[White "Raczynski, Milosz"]
[Black "Kropidlowski, Maciej"]
[Result "1-0"]
[WhiteElo "1563"]
[BlackElo "1750"]
[PlyCount "71"]
[EventDate "2007.??.??"]

1. e4 c5 2. Nf3 g6 3. d3 Bg7 4. Nbd2 d6 5. g3 Nf6 6. Bg2 Nc6 7. O-O O-O 8. Re1
Bg4 9. h3 Bxf3 10. Nxf3 Ne5 11. Nxe5 dxe5 12. Be3 Nd7 13. Qd2 e6 14. c3 Qc7 15.
Rac1 Qd6 16. Red1 Nb6 17. b4 cxb4 18. cxb4 Rfd8 19. Rc2 Rd7 20. Bc5 Qc6 21.
Rdc1 Qb5 22. Bxb6 axb6 23. Rc8+ Rxc8 24. Rxc8+ Bf8 25. Bf1 Kg7 26. a3 Qa4 27.
Qc3 Qb5 28. d4 Qa4 29. dxe5 Qd1 30. Rb8 Rd2 31. Qc8 Be7 32. Qg8+ Kh6 33. Qxf7
Qe1 34. Rh8 Qxe4 35. Rxh7+ Kg5 36. Qxe7+ 1-0